000 00647cab a2200205 4500
001 ABS39645
008 090401t1988 xxu||||| |||| 00| 0 eng d
035 _a(Sirsi) u17969
041 _aeng
100 _aRussell, L.
245 _aPlanning application monitoring on a micro
260 _c1988
350 _a0
490 _aBURISA
_v84 August 1988, 13-15(3)
520 _aDiscusses methods of using micro computers for the statistical analysis of planning applications using as an example Surrey `s Planning Application System (PAS).
650 _aSTATISTICS
690 _aPLANNING LAW AND PRACTICE
942 _n0
948 _c04/03/1997
999 _c11917
_d11917